[Event "GRE-ch U12"]
[Site "Thessaloniki"]
[Date "2022.08.23"]
[Round "8"]
[White "Gerasopoulos, Nikolaos"]
[Black "Boutikos, Eleftherios"]
[Result "0-1"]
[WhiteElo "1538"]
[BlackElo "1429"]
[PlyCount "106"]
[EventDate "2022.08.18"]
[EventType "swiss"]
[EventRounds "9"]
[EventCountry "GRE"]
[SourceTitle "EXT 2023"]
[Source "ChessBase"]
[SourceDate "2022.10.05"]
[SourceVersion "1"]
[SourceVersionDate "2022.10.05"]
[SourceQuality "1"]

1. e4 g6 2. d4 Bg7 3. Nf3 c5 4. c3 cxd4 5. cxd4 d5 6. exd5 Nf6 7. Nc3 Nxd5 8. Bb5+ Bd7 9. Qb3 Nxc3 10. bxc3 Qb6 11. Bxd7+ Nxd7 12. 0-0 0-0 13. Qa4 Qc7 14. Bf4 Nb6 15. Bxc7 Nxa4 16. Ba5 Rfc8 17. Rac1 b6 18. Bb4 a5 19. Bxe7 Nxc3 20. Rc2 Nd5 21. Re2 Re8 22. Rfe1 Nxe7 23. Rxe7 Rxe7 24. Rxe7 Rd8 25. Re4 f5 26. Rh4 Rd5 27. Rf4 b5 28. g4 Bh6 29. g5 Bg7 30. Kf1 b4 31. Ke2 Rd8 32. Kd2 Rc8 33. Ne1 Rc4 34. Nc2 Be5 35. Rh4 Bd6 36. Ne3 Rc3 37. Nd5 Ra3 38. Nf6+ Kf8 39. Nxh7+ Kf7 40. Nf6 Rxa2+ 41. Kd3 b3 42. f4 Bb4 43. Rh7+ Kf8 44. Rh8+ Ke7 45. Rh7+ Kd8 46. Rh8+ Kc7 47. Nd5+ Kb7 48. Rh7+ Kc6 49. Nxb4+ axb4 50. Rh6 Rc2 51. Rxg6+ Kb5 52. Rg8 Rc3+ 53. Kd2 b2 0-1

[Event "GRE-ch U12"]
[Site "Patras"]
[Date "2021.09.03"]
[Round "7"]
[White "Sarafis, Rafail"]
[Black "Boutikos, Eleftherios"]
[Result "0-1"]
[WhiteElo "1541"]
[BlackElo "1189"]
[PlyCount "146"]
[EventDate "2021.08.30"]
[EventType "swiss"]
[EventRounds "9"]
[EventCountry "GRE"]
[SourceTitle "EXT 2022"]
[Source "ChessBase"]
[SourceDate "2021.10.06"]
[SourceVersion "1"]
[SourceVersionDate "2021.10.06"]
[SourceQuality "1"]

1. d4 Nf6 2. c4 e6 3. Nc3 Bb4 4. e3 b6 5. Nge2 Bb7 6. a3 Be7 7. Ng3 0-0 8. e4 d6 9. Be2 e5 10. d5 a5 11. h4 Nbd7 12. h5 h6 13. Nf5 Nh7 14. Bd3 Bg5 15. Qg4 Ndf6 16. Qg3 Bc8 17. Bc2 Bxf5 18. exf5 Rc8 19. Bxg5 Nxg5 20. f3 c6 21. 0-0-0 cxd5 22. cxd5 Qc7 23. Qf2 Qc5 24. Qxc5 Rxc5 25. Rh4 Rfc8 26. Kb1 Rc4 27. Be4 Ngxe4 28. Nxe4 Nxe4 29. Rxe4 Rxe4 30. fxe4 Rc4 31. Re1 g6 32. g4 gxf5 33. gxf5 Kg7 34. Rg1+ Kf6 35. Rg4 a4 36. b3 Rc3 37. bxa4 Rxa3 38. Rg8 Rxa4 39. Rd8 Ke7 40. Rh8 Rxe4 41. Rxh6 Rf4 42. Rh8 Rxf5 43. h6 Rh5 44. h7 b5 45. Kc2 e4 46. Rb8 Rxh7 47. Rxb5 Rh5 48. Kd2 Re5 49. Ke3 f5 50. Rb7+ Kf6 51. Rb5 Kg5 52. Ra5 f4+ 53. Ke2 e3 54. Ra8 Rxd5 55. Rg8+ Kf5 56. Rf8+ Ke4 57. Re8+ Re5 58. Ra8 d5 59. Ra4+ d4 60. Ra3 f3+ 61. Kf1 Rh5 62. Kg1 f2+ 63. Kg2 Rh1 64. Kxh1 f1Q+ 65. Kh2 Kf3 66. Ra2 Qf2+ 67. Rxf2+ exf2 68. Kh3 f1Q+ 69. Kh4 Qg2 70. Kh5 Kf4 71. Kh6 Kf5 72. Kh7 Kf6 73. Kh8 Qg7# 0-1

[Event "GRE-ch Online Rapid op 1st"]
[Site "Tornelo INT"]
[Date "2021.02.06"]
[Round "6"]
[White "Ifoulis, Stefanos"]
[Black "Boutikos, Eleftherios"]
[Result "0-1"]
[WhiteElo "1104"]
[BlackElo "1399"]
[PlyCount "100"]
[EventDate "2021.02.06"]
[EventType "swiss (rapid)"]
[EventRounds "8"]
[EventCountry "GRE"]
[SourceTitle "EXT 2023"]
[Source "ChessBase"]
[SourceDate "2022.10.05"]
[SourceVersion "1"]
[SourceVersionDate "2022.10.05"]
[SourceQuality "1"]

1. e4 g6 2. Nf3 Bg7 3. g3 c5 4. Bg2 Nc6 5. 0-0 d6 6. Nc3 Bg4 7. h3 Bd7 8. d3 Nf6 9. Be3 0-0 10. Qd2 a6 11. Bh6 b5 12. Bxg7 Kxg7 13. Nd5 Nxd5 14. exd5 Na7 15. d4 c4 16. c3 Qc8 17. g4 Qb7 18. Rfe1 Rae8 19. Qg5 f6 20. Qe3 Qxd5 21. Ne5 Qe6 22. Nxd7 Qxd7 23. d5 Nc8 24. Qe6 Qxe6 25. dxe6 f5 26. Bb7 fxg4 27. hxg4 Rf4 28. f3 Na7 29. Kg2 Rb8 30. Kg3 Rff8 31. Be4 Rf6 32. Bd5 Nc8 33. b3 Nb6 34. bxc4 bxc4 35. Rab1 Rff8 36. Bc6 Rfc8 37. Bd7 Nxd7 38. exd7 Rd8 39. Rxb8 Rxb8 40. Rxe7+ Kf8 41. Rxh7 Rd8 42. Kf4 Kg8 43. Re7 Kf8 44. Re8+ Rxe8 45. dxe8Q+ Kxe8 46. Kg5 Kf7 47. f4 d5 48. f5 gxf5 49. gxf5 d4 50. cxd4 c3 0-1